000 00208 a2200097 4500
001 23104
100 _aManning, L A
245 _aElectrical Circuits
260 _a
_bMcGraw-Hill
_c1966
090 _c15645
_d15645
942 _aNUST-CAE
_cM
_c6275
999 _c258177
_d258177